Alle 10 Präsidenten von Russland (1917 - 2024) - Statistiken

Allgemein
  • Dieses Quiz wurde 321 mal gespielt
  • Das Durchschnittsergebnis liegt bei 8 aus 11
Antwortstatistiken
Amtszeit, - dauer Präsident % Korrekt
1999 - 2008 (9 Jahre) Wladimir Putin
99%
seit 2012 Wladimir Putin
99%
1922 - 1953 (31 Jahre) Josef Stalin
97%
1917 - 1922 (5 Jahre) Wladimir Iljitsch Lenin
93%
1985 - 1991 (6 Jahre) Michail Sergejewitsch Gorbatschow
88%
1991 - 1999 (8 Jahre) Boris Jelzin
76%
1953 - 1964 (10 Jahre) Nikita Chruschtschow
62%
2008 - 2012 (4 Jahre) Dmitri Medwedew
61%
1964 - 1982 (18 Jahre) Leonid Breschnew
55%
1982 - 1984 (2 Jahre) Jurij Andropow
37%
1984 - 1985 (1 Jahr) Konstantin Tschernenko
25%
Keine übereinstimmenden Quizze gefunden
Verteilung der Resultate
Anzahl Personen mit jedem Resultat
Perzentil nach korrekt beantworteten Fragen
Ihre Resultats-Entwicklung
Sie haben dieses Quiz noch nicht gespielt